000 00468 a2200181 4500
001 108609
020 _a9781846666896
041 _apor
090 _aYear 5 612
250 _a. ed.
697 _aliterature for children and youth.
700 _aTop That!Publishing plc Tide Mill Way.
856 _u00001a/00001aff.jpg
040 _aBR-BrIDEA
_cBR-BrIDEA
245 1 0 _aHuman Body
_cTop That!Publishing plc Tide Mill Way
260 _a[S.l.]
_c2008
942 _cBK
999 _c108609
_d108609